000 00617nam 22002173 4500
001 201387
010 _a978-989-754-440-8
021 _b466194/20
090 _a201387
100 _a20260319d u||y0pory50 ba
200 _aO traidor
_fNelson DeMille e Alex DeMille
_gtradução de Isabel Alves
205 _a
210 _aBarcarena
_cMarcador
_d2020
215 _a533 p.
_cbrochado
_d23 cm
606 _916
_aLiteratura Americana
675 _a821.111(73)-3
_vPT
_zpor
700 _9478
_aDemille
_bNelson
_f1943-
701 _912938
_aDeMille
_bAlex
801 _aPT
_bBMMN
_gRPC
830 _cFernando
_fFernando
990 _cLIVROS